Online katalóg knižníc regiónu Turca

Kňažná z Petrinskej ulice (Record no. 21648)

MARC details
000 -LEADER
fixed length control field 01634cam a2200421 a 4500
001 - CONTROL NUMBER
control field 21648
003 - CONTROL NUMBER IDENTIFIER
control field VRT
005 - DATE AND TIME OF LATEST TRANSACTION
control field 20260307110052.0
008 - FIXED-LENGTH DATA ELEMENTS--GENERAL INFORMATION
fixed length control field 240226s1993 xo gr 000 f slo
015 ## - NATIONAL BIBLIOGRAPHY NUMBER
National bibliography number SNBA1993/07
020 ## - INTERNATIONAL STANDARD BOOK NUMBER
International Standard Book Number 8085506203
Qualifying information (brožované)
035 ## - SYSTEM CONTROL NUMBER
System control number SNK000014877
039 #9 - LEVEL OF BIBLIOGRAPHIC CONTROL AND CODING DETAIL [OBSOLETE]
Level of rules in bibliographic description 202402261442
Level of effort used to assign nonsubject heading access points VLOAD
Level of effort used to assign subject headings 202401251110
Level of effort used to assign classification msnk115
Level of effort used to assign subject headings 202309280817
Level of effort used to assign classification csnkv15
Level of effort used to assign subject headings 202212121525
Level of effort used to assign classification msnk116
040 ## - CATALOGING SOURCE
Original cataloging agency SNK
Language of cataloging slo
Transcribing agency SNK
Description conventions AACR2
041 1# - LANGUAGE CODE
Language code of text/sound track or separate title slo
Language code of original hrv
044 ## - COUNTRY OF PUBLISHING/PRODUCING ENTITY CODE
MARC country code xo
ISO country code SK
072 #7 - SUBJECT CATEGORY CODE
Subject category code 821.163
Subject category code subdivision Južnoslovanské literatúry
Source konspekt
080 ## - UNIVERSAL DECIMAL CLASSIFICATION NUMBER
Universal Decimal Classification number 821.163.42-31
Edition identifier 2011
100 1# - MAIN ENTRY--PERSONAL NAME
Personal name Jurić-Zagorka, Marija,
Dates associated with a name 1873-1957
Relationship aut
240 10 - UNIFORM TITLE
Uniform title Kneginja iz Petrinjske ulice
Language of a work Slovensky
245 10 - TITLE STATEMENT
Title Kňažná z Petrinskej ulice
Statement of responsibility, etc. Marija Jurič Zagorka ; preklad Emil Hantel
250 ## - EDITION STATEMENT
Edition statement [1. vyd.]
260 ## - PUBLICATION, DISTRIBUTION, ETC.
Place of publication, distribution, etc. Bratislava
Name of publisher, distributor, etc. Juga
Date of publication, distribution, etc. 1993
Place of manufacture Bratislava
Manufacturer Svornosť
300 ## - PHYSICAL DESCRIPTION
Extent 285 s.
Dimensions 21 cm
655 #7 - INDEX TERM--GENRE/FORM
Genre/form data or focus term Croatian fiction
Source of term SNKPHeng
655 #7 - INDEX TERM--GENRE/FORM
Genre/form data or focus term chorvátske romány
Source of term SNKPH
700 1# - ADDED ENTRY--PERSONAL NAME
Personal name Hantel, Emil,
Dates associated with a name 1943-2021
Relationship trl
700 12 - ADDED ENTRY--PERSONAL NAME
Relationship information Pokračovanie diela:
Personal name Jurić-Zagorka, Marija,
Dates associated with a name 1873-1957
Title of a work Prorok na kamennej bráne
700 12 - ADDED ENTRY--PERSONAL NAME
Relationship information Pokračovanie diela:
Personal name Jurić-Zagorka, Marija,
Dates associated with a name 1873-1957
Title of a work Peklo trónu
700 12 - ADDED ENTRY--PERSONAL NAME
Relationship information Pokračovanie diela:
Personal name Jurić-Zagorka, Marija,
Dates associated with a name 1873-1957
Title of a work Veľký súd
910 ## - USER-OPTION DATA (OCLC)
User-option data snk
942 ## - ADDED ENTRY ELEMENTS (KOHA)
Source of classification or shelving scheme Dewey Decimal Classification
Koha item type Krásna literatúra pre dospelých
Suppress in OPAC No
949 ## - LOCAL PROCESSING INFORMATION (OCLC)
6 17A0087706
a snkSC 85105 D1
949 ## - LOCAL PROCESSING INFORMATION (OCLC)
6 270001000020159
a svkbbA 84121
b svkbbm 579741
949 ## - LOCAL PROCESSING INFORMATION (OCLC)
6 17A0996405
a snkSC 85105
b snkKSP 6000/93
s 6100:20221214
949 ## - LOCAL PROCESSING INFORMATION (OCLC)
6 3912003155
a knkjsdo/B
b knkjs2008/228236
949 ## - LOCAL PROCESSING INFORMATION (OCLC)
6 273K0203631
a svkpoA 159941
b svkpo394941
o PV 4374/93
Holdings
Stav vyradenia Strata Poškodenie Spôsob nadobudnutia Domovská knižnica Aktuálna knižnica Dátum nadobudnutia Total checkouts Čiarový kód exemplára Date last seen Typ exemplára
      Dar Obecná knižnica Horná Štubňa Obecná knižnica Horná Štubňa 07.03.2026   4736201729 07.03.2026 Krásna literatúra pre dospelých
Projekt je podporený Slovenskou asociáciou knižníc
Prevádzkuje Turčianska knižnica Martin 2026